<?xml version="1.0" encoding="UTF-8"?>
<record
    xmlns:xsi="http://www.w3.org/2001/XMLSchema-instance"
    xsi:schemaLocation="http://www.loc.gov/MARC21/slim http://www.loc.gov/standards/marcxml/schema/MARC21slim.xsd"
    xmlns="http://www.loc.gov/MARC21/slim">

  <leader>00379nam a2200133Ia 4500</leader>
  <controlfield tag="005">20250409181223.0</controlfield>
  <controlfield tag="008">250409s9999||||xx |||||||||||||| ||und||</controlfield>
  <datafield tag="100" ind1=" " ind2=" ">
    <subfield code="a">R K NAIR, A.K BANERJEE, V.K AGARWAL</subfield>
  </datafield>
  <datafield tag="245" ind1=" " ind2="0">
    <subfield code="a">ORGANISATIONAL BEHAVIOUR</subfield>
  </datafield>
  <datafield tag="260" ind1=" " ind2=" ">
    <subfield code="b">PRAGATI PRAKASHAN PUBLICATION</subfield>
    <subfield code="a">MEERUT</subfield>
  </datafield>
  <datafield tag="300" ind1=" " ind2=" ">
    <subfield code="a">428.p</subfield>
  </datafield>
  <datafield tag="650" ind1=" " ind2=" ">
    <subfield code="v">Management</subfield>
    <subfield code="a">ORGANISATIONAL BEHAVIOR</subfield>
  </datafield>
  <datafield tag="942" ind1=" " ind2=" ">
    <subfield code="c">BOOK</subfield>
  </datafield>
  <datafield tag="952" ind1=" " ind2=" ">
    <subfield code="0">0</subfield>
    <subfield code="1">0</subfield>
    <subfield code="4">0</subfield>
    <subfield code="7">0</subfield>
    <subfield code="8">Management</subfield>
    <subfield code="a">SDCK</subfield>
    <subfield code="b">SDCK</subfield>
    <subfield code="c">General Stack</subfield>
    <subfield code="d">2025-04-09</subfield>
    <subfield code="l">0</subfield>
    <subfield code="o">658.402 NAI</subfield>
    <subfield code="p">22618</subfield>
    <subfield code="r">2025-04-09 18:12:23</subfield>
    <subfield code="w">2025-04-09</subfield>
    <subfield code="y">BOOK</subfield>
  </datafield>
  <datafield tag="999" ind1=" " ind2=" ">
    <subfield code="c">13062</subfield>
    <subfield code="d">13062</subfield>
  </datafield>
</record>
